| 000 | 00355pab a2200133 454500 | ||
|---|---|---|---|
| 008 | 180718b1988 xxu||||| |||| 00| 0 eng d | ||
| 100 | _aDouglass, Malcolm | ||
| 245 | _aPrinciples and practices of devolution to and within local government | ||
| 260 | _c1988 | ||
| 300 | _a18-22 | ||
| 650 | _aLocal Government | ||
| 773 | _aPublic Sector | ||
| 909 | _a12677 | ||
| 999 |
_c12677 _d12677 |
||